000 00230nam a2200097Ia 4500
008 190216s9999||||xx |||||||||||||| ||und||
100 _aDr.Puthan T I
245 0 _aLankakkar Keralathil
260 _bNational Book Stall
942 _cBK
999 _c18691
_d18691